[Event "Medellin Sub zt 2.3.2"]
[Site "Medellin"]
[Date "2025.04.19"]
[Round "9"]
[White "Londono Lopez, Donaldo Eliuver"]
[Black "Allen Leydenz, Christian Gabriel"]
[Result "1-0"]
[WhiteElo "2171"]
[BlackElo "2011"]
[PlyCount "107"]
[EventDate "2025.04.14"]
[EventType "swiss"]
[EventRounds "9"]
[EventCountry "COL"]
[SourceTitle "CB18_2025"]
[SourceDate "2025.04.30"]
[SourceVersion "1"]
[SourceVersionDate "2025.04.30"]
[SourceQuality "1"]

1. e4 e5 2. Nf3 Nc6 3. Bb5 a6 4. Ba4 Nf6 5. 0-0 b5 6. Bb3 Bc5 7. c3 d6 8. d4 Bb6 9. h3 Bb7 10. Re1 h6 11. Be3 0-0 12. Nbd2 Re8 13. d5 Bxe3 14. dxc6 Bxd2 15. cxb7 Bxe1 16. bxa8Q Bxf2+ 17. Kxf2 Qxa8 18. Nd2 Nxe4+ 19. Nxe4 Qxe4 20. Bd5 Qh4+ 21. Kg1 e4 22. Qg4 Qxg4 23. hxg4 Re5 24. Rd1 Kf8 25. Bb7 Ke7 26. Rd4 Kd7 27. Rxe4 Rg5 28. Bxa6 c6 29. a4 bxa4 30. Rxa4 d5 31. Be2 Re5 32. Kf2 Re6 33. Ra7+ Ke8 34. Rc7 Rf6+ 35. Ke3 Kd8 36. Ra7 c5 37. Bf3 Rd6 38. Rxf7 g5 39. Kd3 d4 40. c4 Rb6 41. Rf5 Rb3+ 42. Kc2 Rb8 43. Rxc5 d3+ 44. Kxd3 Rxb2 45. Rd5+ Kc7 46. c5 Ra2 47. Rf5 Ra1 48. Rf7+ Kc8 49. Kd4 h5 50. gxh5 Kd8 51. h6 g4 52. h7 Rh1 53. Rf8+ Ke7 54. h8Q 1-0

[Event "Medellin Sub zt 2.3.2"]
[Site "Medellin"]
[Date "2025.04.16"]
[Round "4"]
[White "Allen Leydenz, Christian Gabriel"]
[Black "Soto Leguizamon, David Esteban"]
[Result "1-0"]
[WhiteElo "2011"]
[BlackElo "1723"]
[PlyCount "99"]
[EventDate "2025.04.14"]
[EventType "swiss"]
[EventRounds "9"]
[EventCountry "COL"]
[SourceTitle "CB18_2025"]
[SourceDate "2025.04.30"]
[SourceVersion "1"]
[SourceVersionDate "2025.04.30"]
[SourceQuality "1"]

1. e4 c5 2. b3 Nc6 3. Bb2 d6 4. f4 Nf6 5. d3 g6 6. Nf3 Bg7 7. Be2 0-0 8. 0-0 Bd7 9. c4 Qc7 10. Nc3 e5 11. fxe5 dxe5 12. Qe1 Nd4 13. Rc1 Rac8 14. Qh4 h6 15. h3 g5 16. Qf2 g4 17. hxg4 Nxg4 18. Qg3 f5 19. Nxd4 cxd4 20. Nd5 f4 21. Qh4 Qd8 22. Ne7+ Kh7 23. Bxg4 Bf6 24. Qh5 Qxe7 25. Bf5+ Bxf5 26. Qxf5+ Kh8 27. Rf3 Bg5 28. Qg4 Rg8 29. Qh5 Rc6 30. Rc2 Qb4 31. Kf1 Rcg6 32. Qh3 a5 33. Qd7 Rc6 34. Qd5 Bf6 35. Rh3 Bg7 36. Rh5 a4 37. c5 axb3 38. axb3 Qb5 39. Ke2 Rgc8 40. Rxe5 Rg6 41. Qxd4 Qxb3 42. Rd2 Rg8 43. Kf1 Rg5 44. Qd5 Qxd5 45. Rxd5 Bxb2 46. Rxb2 Rxd5 47. exd5 Rc8 48. d4 Rc7 49. Rb6 Kg7 50. c6 1-0

[Event "Medellin Sub zt 2.3.2"]
[Site "Medellin"]
[Date "2025.04.16"]
[Round "5"]
[White "Jimenez Jimenez, Leandro"]
[Black "Allen Leydenz, Christian Gabriel"]
[Result "1/2-1/2"]
[WhiteElo "2197"]
[BlackElo "2011"]
[PlyCount "71"]
[EventDate "2025.04.14"]
[EventType "swiss"]
[EventRounds "9"]
[EventCountry "COL"]
[SourceTitle "CB18_2025"]
[SourceDate "2025.04.30"]
[SourceVersion "1"]
[SourceVersionDate "2025.04.30"]
[SourceQuality "1"]

1. d4 d5 2. Nf3 Nf6 3. g3 g6 4. Bg2 Bg7 5. c4 c6 6. 0-0 0-0 7. Qb3 Nbd7 8. cxd5 cxd5 9. Nc3 e6 10. Bf4 a6 11. Rfc1 Qe7 12. a4 h6 13. a5 g5 14. Bd2 Nb8 15. Na4 Nc6 16. Nb6 Rb8 17. e3 Ne4 18. Be1 Bd7 19. Qa3 Qxa3 20. bxa3 Rfd8 21. Bf1 Be8 22. Rab1 Bf8 23. Rb3 Bd6 24. Bd3 f5 25. Bb4 Bc7 26. Rb2 Bd6 27. Ne1 Bc7 28. Be2 Bxb6 29. axb6 Nxb4 30. Rxb4 Rbc8 31. Rc7 Bc6 32. f3 Nd6 33. Nd3 Ne4 34. Ne1 Nc3 35. Rxc8 Rxc8 36. Rb2 1/2-1/2

[Event "Medellin Sub zt 2.3.2"]
[Site "Medellin"]
[Date "2025.04.15"]
[Round "3"]
[White "Allen Leydenz, Christian Gabriel"]
[Black "Figueroa Rincon, Cesar Fabian"]
[Result "1-0"]
[WhiteElo "2011"]
[BlackElo "1797"]
[PlyCount "75"]
[EventDate "2025.04.14"]
[EventType "swiss"]
[EventRounds "9"]
[EventCountry "COL"]
[SourceTitle "CB18_2025"]
[SourceDate "2025.04.30"]
[SourceVersion "1"]
[SourceVersionDate "2025.04.30"]
[SourceQuality "1"]

1. e4 d6 2. d4 Nf6 3. Nc3 g6 4. f4 Bg7 5. Nf3 c5 6. dxc5 Qa5 7. Bd2 Qxc5 8. Bd3 0-0 9. Qe2 Nc6 10. Na4 Qh5 11. h3 Bg4 12. Qf2 Bxf3 13. gxf3 Nd7 14. Bc3 Bh6 15. Bd2 Bg7 16. Nc3 Nd4 17. Rf1 Nc5 18. Be3 Nxd3+ 19. cxd3 Nb5 20. d4 Nxc3 21. bxc3 Rfc8 22. Bd2 Rc4 23. f5 Rac8 24. Rb1 b6 25. Rb3 Bh6 26. h4 Kh8 27. Rg1 Bg7 28. Rg5 Qh6 29. Rxg6 Qh5 30. Rg5 Qh6 31. Ra3 a5 32. Rb3 d5 33. Qg3 a4 34. Rb1 Rxc3 35. Bxc3 Rxc3 36. f6 exf6 37. Rxb6 Rc8 38. e5 1-0